000 00447nam a2200157 i 4500
001 31786
003 ES-MaACL
005 20230906154437.0
007 t|
008 030130s1923 xxk ||||1| eng d
100 1 _aBeck, Joseph.
_926923
245 1 0 _aApplied pathology in diseases of the nose, throat and ear /
_cby Joseph Beck.
260 _aSt. Louis :
_bC.V. Mosby Company,
_c1923.
300 _a280 p. ;
_c26 cm.
852 _aES-MaACL
_jE-1414
999 _c31786
_d31786